00610nam a2200217Ia 4500003000400000005001700004008004100021020001800062040000700080041000800087082001500095100002000110245002200130260002000152300000900172650002200181700002300203942001300226999001900239952013400258OSt20251115105553.0250729s2006 xx 000 0 und d a5551234006666 cAL aeng a540.2 RAOC aRao D S9224398 aChemistry Ist puc aMangalorec2006 a460p aChemistry9224399 aMoodithaya9224400 2ddccBED c236388d236388 00104070aALbALd2025-07-29eSchool Book Companyg162.00l0o540.2 RAOCpBED01707r2025-07-29 16:54:47v162.00w2025-07-29yBK